Statistiques concernant Trouvez l'intrus ! - Géographie suisse

Cliquez ici pour prendre le quiz!

Statistiques générales

  • Ce quiz a été pris 5 101 fois
  • Le résultat moyen est 6 sur 15

Statistiques - réponses

QuestionRéponse% Correct
Ces pays sont frontaliers de la SuisseSlovénie
85%
Ces langues sont parlées de manière officielle en SuisseSilésien
78%
Ces grandes structures géographiques se trouvent au moins partiellement en SuisseForêt-Noire
46%
Ces cantons sont romandsBâle-Ville
45%
Ces points d'intérêt se trouvent à GenèvePont de la Chapelle
41%
Ces climats influencent de manière significative celui de la SuissePolaire
39%
Ces noms sont ceux de grandes régions suissesTyrol
38%
Ces lacs se trouvent au moins partiellement en SuisseChiem
36%
Ces cantons sont nommés d'après une villeUri
34%
Ces villes donnent leur nom à un cantonWinterthour
33%
Ces cours d'eau traversent la SuisseAin
32%
Ces villes sont situées dans le canton de BerneCoire
32%
Ces stations de sport d'hiver se trouvent en SuisseMonts Jura
29%
Ces affirmations s'appliquent au drapeau suisseA été créé en 1848
17%
Ces sites sont classés au Patrimoine mondial de l'UNESCOCathédrale Saint-Pierre de Genève
15%

Distribution des résultats

Percentile par nombre de réponses

% des personnes avec chaque résultat

Votre développement - résultats

Vous n’avez pas pris ce quiz